Macroeconomics

Gespeichert in:
Bibliographische Detailangaben
1. Verfasser: Mankiw, N. Gregory
Format: Buch
Sprache:Englisch
Veröffentlicht: New York Worth Publishers 2019
Ausgabe:10th Edition
Schlagworte:
Tags: Tag hinzufügen
Keine Tags, Fügen Sie das erste Tag hinzu!

MARC

LEADER 00000nam a2200000 4500
001 0279649
005 20240416113822.8
020 |a 978-1-319-10599-0 
041 0 |a eng 
044 |a US 
245 1 0 |a Macroeconomics  |c N. Gregory Mankiw 
250 |a 10th Edition 
264 1 |a New York  |b Worth Publishers  |c 2019 
300 |a 612 s. 
610 2 0 |a makroekonomika 
610 2 0 |a teórie ekonomické 
610 2 0 |a politika menová 
610 2 0 |a inflácia 
610 2 0 |a hospodárstvo otvorené 
610 2 0 |a nezamestnanosť 
610 2 0 |a trh práce 
610 2 0 |a rast hospodársky 
610 2 0 |a teórie rastu hospodárskeho 
610 2 0 |a cykly hospodárske 
610 2 0 |a štúdie prípadové 
100 1 |a Mankiw, N. Gregory